|
|
|
|
| LEADER |
00000nam0a2200000 4500 |
| 001 |
276617 |
| 005 |
20231101234934.0 |
| 020 |
|
|
|a RU
|b 86-16684
|
| 035 |
|
|
|a (RuTPU)RU\TPU\book\299890
|
| 090 |
|
|
|a 276617
|
| 100 |
|
|
|a 20141124d1986 k y0rusy5003 ca
|
| 101 |
1 |
|
|a rus
|c eng
|
| 102 |
|
|
|a RU
|
| 105 |
|
|
|a a z 001zy
|
| 200 |
1 |
|
|a Ароматическое замещение по механизму Srn 1
|e пер. с англ.
|f Р. А. Росси, Р. Х. де Росси
|
| 210 |
|
|
|a Москва
|c Мир
|d 1986
|
| 215 |
|
|
|a 300 с.
|c ил.
|d 22 см
|
| 320 |
|
|
|a Библиогр. в конце глав
|
| 320 |
|
|
|a Предм. указ.: с. 288-297
|
| 606 |
1 |
|
|a Ароматические соединения
|x Химия
|2 stltpush
|3 (RuTPU)RU\TPU\subj\76565
|9 87575
|
| 610 |
1 |
|
|a реакции замещения
|
| 610 |
1 |
|
|a нуклеофильное замещение
|
| 610 |
1 |
|
|a нуклеофилы
|
| 610 |
1 |
|
|a субстраты
|
| 610 |
1 |
|
|a инициирование
|
| 610 |
1 |
|
|a электрохимические реакции
|
| 675 |
|
|
|a 547.52
|z rus
|v 4
|
| 700 |
|
1 |
|a Росси
|b Р. А.
|g Роберто Артуро
|4 070
|
| 701 |
|
1 |
|a Росси
|b Р. Х. де
|g Рита Хойос де
|4 070
|
| 801 |
|
0 |
|a RU
|b RuMRKP
|c 19950704
|g psbo
|
| 801 |
|
1 |
|a RU
|b 63413507
|c 20141124
|
| 801 |
|
2 |
|a RU
|b 63413507
|c 20170620
|g RCR
|
| 942 |
|
|
|c BK
|